同音の市区町村 - Statistics

General Stats
  • This quiz has been taken 700 times
    657 since last reset
  • The average score is 49 of 109
Answer Stats
個数 都道府県 市区町村 % Correct
5 山形県/千葉県/富山県/長野県/三重県 朝日町/旭市/朝日町/朝日村/朝日町
80%
4 埼玉県/愛知県/広島県/徳島県 三芳町/みよし市/三次市/三好市
76%
2 茨城県/徳島県 那珂市/那賀町
76%
7 宮城県/秋田県/埼玉県/埼玉県/島根県/熊本県/宮崎県 美里町/美郷町/三郷市/美里町/美郷町/美里町/美郷町
75%
3 東京都/広島県/広島県 府中市/府中市/府中町
74%
3 茨城県/福井県/大阪府 境町/坂井市/堺市
68%
5 北海道/福井県/長野県/岐阜県/大阪府 池田町/池田町/池田町/池田町/池田市
67%
2 群馬県/東京都 太田市/大田区
66%
3 宮城県/兵庫県/高知県 加美町/香美町/香美市
65%
2 福井県/岐阜県 大野市/大野町
65%
4 北海道/埼玉県/和歌山県/高知県 日高町/日高市/日高町/日高村
62%
4 福井県/愛知県/三重県/和歌山県 美浜町/美浜町/御浜町/美浜町
60%
3 神奈川県/熊本県/鹿児島県 大和市/山都町/大和村
60%
2 北海道/福島県 伊達市/伊達市
60%
3 宮城県/神奈川県/福岡県 川崎町/川崎市/川崎町
59%
3 福島県/岐阜県/岐阜県 白河市/白川町/白川村
59%
3 山形県/長野県/岐阜県 山形市/山形村/山県市
59%
2 福井県/福井県 越前市/越前町
59%
2 高知県/高知県 四万十市/四万十町
59%
3 東京都/東京都/鹿児島県 豊島区/利島村/十島村
58%
2 大阪府/鹿児島県 和泉市/出水市
58%
2 神奈川県/福井県 大井町/おおい町
58%
3 茨城県/佐賀県/熊本県 鹿嶋市/鹿島市/嘉島町
57%
3 福島県/静岡県/鹿児島県 三島町/三島市/三島村
57%
4 北海道/栃木県/長野県/福岡県 中川町/那珂川町/中川村/那珂川市
55%
3 東京都/滋賀県/鳥取県 日野市/日野町/日野町
55%
2 北海道/広島県 北広島市/北広島町
55%
2 栃木県/千葉県 さくら市/佐倉市
55%
2 北海道/静岡県 森町/森町
55%
3 群馬県/長野県/岐阜県 高山村/高山村/高山市
54%
2 群馬県/滋賀県 草津町/草津市
54%
2 青森県/神奈川県 横浜町/横浜市
54%
2 茨城県/大阪府 茨城町/茨木市
53%
2 埼玉県/長野県 伊奈町/伊那市
52%
2 愛知県/島根県 あま市/海士町
51%
2 東京都/山梨県 中央区/中央市
50%
2 高知県/高知県 土佐市/土佐町
50%
2 北海道/山梨県 北斗市/北杜市
50%
3 青森県/山梨県/鳥取県 南部町/南部町/南部町
49%
2 埼玉県/三重県 川越市/川越町
49%
2 千葉県/愛知県 一宮町/一宮市
47%
2 北海道/静岡県 清水町/清水町
47%
2 東京都/長野県 中野区/中野市
47%
2 北海道/福島県 福島町/福島市
47%
2 千葉県/兵庫県 市川市/市川町
46%
2 山梨県/高知県 大月市/大月町
46%
3 山形県/兵庫県/奈良県 川西町/川西市/川西町
45%
3 福島県/群馬県/山梨県 昭和村/昭和村/昭和町
45%
2 宮城県/鹿児島県 大崎市/大崎町
45%
2 北海道/北海道 釧路市/釧路町
45%
2 愛知県/高知県 江南市/香南市
45%
2 千葉県/富山県 館山市/立山町
45%
2 栃木県/静岡県 小山市/小山町
44%
2 福井県/愛知県 高浜町/高浜市
44%
3 北海道/埼玉県/兵庫県 上川町/神川町/神河町
43%
2 北海道/北海道 江差町/枝幸町
43%
2 長野県/長野県 木祖村/木曽町
43%
2 群馬県/東京都 千代田町/千代田区
43%
2 茨城県/福岡県 古河市/古賀市
42%
2 福島県/兵庫県 小野町/小野市
41%
2 高知県/福岡県 大川村/大川市
40%
2 北海道/北海道 士別市/標津町
40%
2 愛知県/長崎県 津島市/津島市
40%
2 宮城県/佐賀県 白石市/白石町
39%
2 兵庫県/福岡県 芦屋市/芦屋町
38%
2 千葉県/徳島県 勝浦市/勝浦町
38%
2 岡山県/鹿児島県 瀬戸内市/瀬戸内町
38%
2 岩手県/千葉県 野田村/野田市
38%
2 埼玉県/長野県 富士見市/富士見町
38%
2 岩手県/福岡県 宮古市/みやこ町
38%
2 兵庫県/香川県 三木市/三木町
37%
2 大阪府/岡山県 岬町/美咲町
37%
2 広島県/高知県 三原市/三原村
37%
2 秋田県/新潟県 湯沢市/湯沢町
37%
2 長野県/徳島県 阿南町/阿南市
36%
2 三重県/愛媛県 紀北町/鬼北町
36%
2 三重県/広島県 熊野市/熊野町
36%
2 和歌山県/福岡県 新宮市/新宮町
36%
2 山形県/岡山県 新庄市/新庄村
36%
2 大阪府/兵庫県 太子町/太子町
36%
2 茨城県/愛知県 東海村/東海市
36%
2 東京都/奈良県 三宅村/三宅町
36%
2 山形県/熊本県 小国町/小国町
35%
2 茨城県/千葉県 八千代町/八千代市
35%
2 長野県/佐賀県 大町市/大町町
34%
2 埼玉県/長野県 小川町/小川村
34%
2 秋田県/鳥取県 大仙市/大山町
34%
2 鳥取県/宮崎県 日南町/日南市
34%
2 奈良県/和歌山県 葛城市/かつらぎ町
33%
2 山形県/石川県 河北町/かほく市
33%
2 長野県/奈良県 川上村/川上村
33%
2 千葉県/長野県 栄町/栄村
33%
2 宮城県/新潟県 柴田町/新発田市
33%
2 兵庫県/和歌山県 稲美町/印南町
32%
2 山梨県/鳥取県 甲府市/江府町
32%
2 群馬県/三重県 明和町/明和町
31%
2 長野県/兵庫県 辰野町/たつの市
29%
2 東京都/岐阜県 瑞穂町/瑞穂市
29%
2 長野県/兵庫県 豊丘村/豊岡市
28%
2 長野県/長野県 松川町/松川村
28%
2 北海道/群馬県 沼田町/沼田市
27%
2 福島県/群馬県 富岡町/富岡市
26%
2 北海道/三重県 大樹町/大紀町
25%
2 山形県/福島県 金山町/金山町
23%
2 高知県/宮崎県 津野町/都農町
22%
2 熊本県/沖縄県 西原村/西原町
22%
2 長野県/熊本県 高森町/高森町
20%
2 福井県/鳥取県 若狭町/若桜町
20%
2 岩手県/福島県 洋野町/広野町
18%
No matching quizzes found
Score Distribution
Percent of People with Each Score
Percentile by Number Answered
Your Score History
You have not taken this quiz since the last reset